Be on the safe side (Record no. 67377)
[ view plain ]
| 000 -LEADER | |
|---|---|
| fixed length control field | 01002cam a2200229 4500 |
| 001 - CONTROL NUMBER | |
| control field | ABS64156 |
| 008 - FIXED-LENGTH DATA ELEMENTS--GENERAL INFORMATION | |
| fixed length control field | 000000n2001 000 0 eng u |
| 035 ## - SYSTEM CONTROL NUMBER | |
| System control number | (Sirsi) u113154 |
| 100 ## - MAIN ENTRY--PERSONAL NAME | |
| Personal name | McNally, R. |
| 245 ## - TITLE STATEMENT | |
| Title | Be on the safe side |
| 260 ## - PUBLICATION, DISTRIBUTION, ETC. | |
| Date of publication, distribution, etc. | 2001 |
| 490 ## - SERIES STATEMENT | |
| Series statement | Estates Gazette |
| Volume/sequential designation | (0122) 2 June 2001, 148-149(2) |
| 520 ## - SUMMARY, ETC. | |
| Summary, etc. | Considers insurable interests in the context of commercial property and how the independent parties involved can best protect their own. Examines the different means by which insurable interests are recorded and the settlement of claims. Also compares how lenders' requirements compare with insurance practice and concluding that the protection of mortgages interests is both costly and time consuming for property owners and needs revision. |
| 590 ## - LOCAL NOTE (RLIN) | |
| Local note | ABS |
| 650 ## - SUBJECT ADDED ENTRY--TOPICAL TERM | |
| Topical term or geographic name entry element | INSURABLE INTERESTS |
| 650 ## - SUBJECT ADDED ENTRY--TOPICAL TERM | |
| Topical term or geographic name entry element | MORTGAGEES |
| 650 ## - SUBJECT ADDED ENTRY--TOPICAL TERM | |
| Topical term or geographic name entry element | PROPERTY INTERESTS |
| 650 ## - SUBJECT ADDED ENTRY--TOPICAL TERM | |
| Topical term or geographic name entry element | SETTLEMENT OF CLAIMS |
| 690 ## - LOCAL SUBJECT ADDED ENTRY--TOPICAL TERM (OCLC, RLIN) | |
| Topical term or geographic name as entry element | Insurance |
| 9 (RLIN) | 6249 |
| 700 ## - ADDED ENTRY--PERSONAL NAME | |
| Personal name | Robinson, R. |
| 942 ## - ADDED ENTRY ELEMENTS (KOHA) | |
| Suppress in OPAC | 0 |
| Withdrawn status | Lost status | Source of classification or shelving scheme | Damaged status | Not for loan | Home library | Current library | Shelving location | Date acquired | Total Checkouts | Full call number | Barcode | Date last seen | Copy number | Price effective from | Koha item type |
|---|---|---|---|---|---|---|---|---|---|---|---|---|---|---|---|
| Dewey Decimal Classification | London | London | Journal article | 19/06/2001 | ABS64156 | 113154-1001 | 06/08/2019 | 1 | 06/08/2019 | Journal article |